000 00983nam a2200229Ia 4500
999 _c41390
_d41390
001 8052
003 GE_BSU
005 20200116173426.0
008 181216s2012||||ge |||||||||||||| ||geo||
020 _a9789941926976
040 _cGE_BSU
041 _ageo
080 _a821.353.1-1 გ–67
100 _aგონაშვილი, მაყვალა
_96195
245 _aხმა მესმა :
_bპოეზია /
_cმაყვალა გონაშვილი ; რედ. მანანა გორგიშვილი ; მხატვ. გიორგი კუხალაშვილი.
264 _aთბილისი :
_bმერანი,
_c2012.
300 _a198 გვ.;
_b17 სმ.
653 _aპოეზია
700 _aგორგიშვილი, მანანა
_eრედაქტორი
_96173
700 _a კუხალაშვილი, გიორგი
_eმხატვარი
_96196
942 _cBK
_2udc